MARC details
| 000 -CABECERA |
| campo de control de longitud fija |
02543nam a2200373 i 4500 |
| 003 - IDENTIFICADOR DEL NÚMERO DE CONTROL |
| campo de control |
DO-SdBNP |
| 005 - FECHA Y HORA DE LA ÚLTIMA TRANSACCIÓN |
| campo de control |
20260519141702.0 |
| 007 - CAMPO FIJO DE DESCRIPCIÓN FÍSICA--INFORMACIÓN GENERAL |
| campo de control de longitud fija |
ta |
| 008 - DATOS DE LONGITUD FIJA--INFORMACIÓN GENERAL |
| campo de control de longitud fija |
211118b2021 dr ab||| |||| 00| 0 spa d |
| 020 ## - NÚMERO INTERNACIONAL ESTÁNDAR DEL LIBRO |
| Número Internacional Estándar del Libro |
9789945919714 |
| 040 ## - FUENTE DE LA CATALOGACIÓN |
| Centro catalogador/agencia de origen |
DO-SdBNP |
| Lengua de catalogación |
spa |
| Centro/agencia transcriptor |
BNPHU |
| Normas de descripción |
rda |
| 041 ## - CÓDIGO DE LENGUA |
| Código de lengua del texto/banda sonora o título independiente |
spa |
| 082 #4 - NÚMERO DE LA CLASIFICACIÓN DECIMAL DEWEY |
| Número de clasificación |
972.9304 |
| Número de documento/Ítem |
M433c |
| Número de edición |
22 |
| 100 1# - ENTRADA PRINCIPAL--NOMBRE DE PERSONA |
| Nombre de persona |
Matos González, Ramiro, |
| Fechas asociadas al nombre |
1927- |
| Término indicativo de función/relación |
autor |
| Código de función/relación |
aut. |
| 9 (RLIN) |
80662 |
| 245 10 - MENCIÓN DE TÍTULO |
| Título |
Cronología militar de la Restauración / |
| Mención de responsabilidad, etc. |
Ramiro Matos González ; prólogo, José Miguel Soto Jiménez. |
| 250 ## - MENCIÓN DE EDICIÓN |
| Mención de edición |
Primera edición |
| 264 #4 - PRODUCCIÓN, PUBLICACIÓN, DISTRIBUCIÓN, FABRICACIÓN Y COPYRIGHT |
| Producción, publicación, distribución, fabricación y copyright |
Santo Domingo : |
| Nombre del de productor, editor, distribuidor, fabricante |
Ministerio de Defensa de República Dominicana, |
| Fecha de producción, publicación, distribución, fabricación o copyright |
©2021. |
| 300 ## - DESCRIPCIÓN FÍSICA |
| Extensión |
2 volúmenes : |
| Otras características físicas |
ilustraciones y mapas ; |
| Dimensiones |
28 cm. |
| 336 ## - TIPO DE CONTENIDO |
| Término de tipo de contenido |
texto |
| Código de tipo de contenido |
txt |
| Fuente |
rdacontent |
| 337 ## - TIPO DE MEDIO |
| Nombre/término del tipo de medio |
sin mediación |
| Código del tipo de medio |
n |
| Fuente |
rdamedia |
| 338 ## - TIPO DE SOPORTE |
| Nombre/término del tipo de soporte |
volumen |
| Código del tipo de soporte |
nc |
| Fuente |
rdacarrier |
| 500 ## - NOTA GENERAL |
| Nota general |
Incluye datos biográficos del autor en la contracubierta. |
| 500 ## - NOTA GENERAL |
| Nota general |
Incluye índice onomástico |
| 500 ## - NOTA GENERAL |
| Nota general |
Cronología anotada de la Guerra de la Restauración Dominicana, un conflicto guerrillero que tuvo lugar entre 1863 y 1865 en la República Dominicana entre nacionalistas y España, que había recolonizado el país 17 años después de su independencia. Finalizó con una victoria dominicana, liderada por el general Gregorio Luperón, y la retirada de las fuerzas españolas del país. Ramiro Matos González (1927) es historiador y general retirado de las Fuerzas Armadas Dominicanas. |
| 500 ## - NOTA GENERAL |
| Nota general |
Volúmenes 1 y 2 publicados juntos |
| 504 ## - NOTA DE BIBLIOGRAFÍA, ETC. |
| Nota de bibliografía, etc. |
Bibliografía : v.1. p. 351-352 <br/> |
| 504 ## - NOTA DE BIBLIOGRAFÍA, ETC. |
| Nota de bibliografía, etc. |
Bibliografía : v.2. p. 698 |
| 505 0# - NOTA DE CONTENIDO CON FORMATO |
| Nota de contenido con formato |
Dedicatoria, I.-- Agradecimientos, III.-- Prólogo, IV.-- |
| Información miscelánea |
TOMO I : 1861-1863 |
| Título |
Advertencia, 1.-- Período de la anexión : antecedentes, 4.-- Academia Militar, 4.-- Período de Capotillo, 38.-- Segundo encuentro, 99.-- Tercer encuentro, 100.-- Restauración, 202.-- Bibliografía tomo I : 1861 y 1863 período de la anexión, 351.-- |
| Información miscelánea |
TOMO II : 1864-1865 |
| Título |
Muerte del General Pedro Florentino, 438.-- "Proclama de Gaspar Polanco", 575.-- Prisión del General José Antonio Salcedo, 579.-- Gobernantes dominicanos durante la anexión, hasta el triunfo de los restauradores y salida de las tropas españolas, 697.-- Bibliografía tomo II, 698.-- Índice de mapas, 699. |
| 590 ## - NOTA LOCAL (RLIN) |
| Nota local |
Inventariado, 2021 /LP |
| 651 #7 - PUNTO DE ACCESO ADICIONAL DE MATERIA--NOMBRE GEOGRÁFICO |
| Nombre geográfico |
República Dominicana |
| Subdivisión general |
Historia |
| Subdivisión cronológica |
Guerra de la Restauración, 1863-1865 |
| Subdivisión general |
Cronología |
| Fuente del encabezamiento o término |
LIBRUNAM |
| 9 (RLIN) |
89601 |
| 700 1# - PUNTO DE ACCESO ADICIONAL--NOMBRE DE PERSONA |
| Nombre de persona |
Soto Jiménez, José Miguel, |
| Término indicativo de función/relación |
prólogo |
| 9 (RLIN) |
79991 |
| 910 ## - DATOS DE OPCIÓN DEL USUARIO (OCLC) |
| Datos de opción del usuario |
Lopérez |
| 942 ## - ELEMENTOS DE PUNTO DE ACCESO ADICIONAL (KOHA) |
| Fuente del sistema de clasificación o colocación |
Dewey Decimal Classification |
| Tipo de ítem Koha |
Libro |